| 000 | 00359nam a22001337a 4500 | ||
|---|---|---|---|
| 082 |
_a621.312 _bLEZ _cL-10, P-40 |
||
| 100 |
_aLEZNOV, S. _941169 |
||
| 245 |
_aPower station electrician/ _bS.LEZNOV, |
||
| 260 |
_aMosow: _bMir Publisher. _c1970. |
||
| 300 |
_ap519. _bill. |
||
| 526 |
_a0 _b0 _c0 _d621_312000000000000_LEZ |
||
| 650 |
_aMCE _9379 |
||
| 942 |
_2ddc _cBK |
||
| 999 |
_c545349 _d545349 |
||